| 000 | 00776nam a2200205Ia 4500 | ||
|---|---|---|---|
| 003 | OSt | ||
| 005 | 20260122193324.0 | ||
| 007 | ca aa aaaaa | ||
| 008 | 201103s9999 xx 000 0 und d | ||
| 040 | _cSSBUL | ||
| 041 | _abur | ||
| 082 |
_a၂၉၄.၃၅၆ က ၉၂၁၁ S-SAT _223 |
||
| 100 |
_a ကဝိန္ဒာစာရ၊ ဘဒ္ဒန္တ _917320 |
||
| 245 | 0 |
_aသီလဝိသုဒ္ဓိဒီပနီ / _cဘဒ္ဒန္တကဝိန္ဒာစာရ။ |
|
| 260 |
_a[နေရာမပါ] _b[ထုတ်ဝေသူမပါ] _c၂၀၁၃။ |
||
| 300 |
_a၆၄ စာမျက်နှာ ၊ _c၁၉ စင်တီ။ |
||
| 500 | _aS-SAT: Dr. Prof Sai Aung Tun | ||
| 650 |
_aလင်္ကာရ _955315 |
||
| 942 |
_2ddc _cBK1 |
||
| 999 |
_c16700 _d16700 |
||